Popular fiction 100 years ago / (Record no. 331083)

MARC details
000 -LEADER
fixed length control field 00393cam a2200157ua 4500
041 0# - LANGUAGE CODE
Language code of text/sound track or separate title eng
082 ## - DEWEY DECIMAL CLASSIFICATION NUMBER
Classification number 828.09
Item number DAL/PO
100 ## - MAIN ENTRY--PERSONAL NAME
Personal name Dalziel, Margaret .
245 ## - TITLE STATEMENT
Title Popular fiction 100 years ago /
Statement of responsibility, etc. Margaret Dalziel.
Medium Textual Documents
250 ## - EDITION STATEMENT
Edition statement 1 /
Remainder of edition statement .
260 ## - PUBLICATION, DISTRIBUTION, ETC. (IMPRINT)
Place of publication, distribution, etc. London :
Name of publisher, distributor, etc. Cohen & West ,
Date of publication, distribution, etc. 1957.
300 ## - PHYSICAL DESCRIPTION
Extent 188 ; .
504 ## - BIBLIOGRAPHY, ETC. NOTE
Bibliography, etc
942 ## - ADDED ENTRY ELEMENTS (KOHA)
Koha item type Books (General)

No items available.

Kerala Agricultural University Central Library
Thrissur-(Dt.), Kerala Pin:- 680656, India
Ph : (+91)(487) 2372219
E-mail: librarian@kau.in
Website: http://library.kau.in/